000 00634nam a22001697a 4500
003 OSt
005 20171010095438.0
008 120531t xxu||||| |||| 00| 0 eng d
040 _a MMSU
_cULS
100 _aRabanal, Eugene T.
_99821
245 _aWound healing activity of the different varieties of banana (Musa sp.) flower extract on the dermal wound of white mice (Mus musculus L.)
_cEugene T. Rabanal
260 _c2007
300 _axiii, 48 leaves
_c28 cm.
500 _aThesis (BS Biology) -- Mariano Marcos State University-College of Arts and Sciences, Batac City
504 _aBibliography: leaf 25
942 _2ddc
_cTHEDIS
999 _c9527
_d9527